[Event "MI Conway TNM: u1800"]
[Site "San Francisco"]
[Date "2022.05.31"]
[Round "5.12"]
[White "Starr, Albert"]
[Black "Basovnik, Stanislav"]
[Result "1-0"]
[WhiteElo "1511"]
[BlackElo "1477"]
[PlyCount "65"]
[EventDate "2022.05.03"]
[EventType "swiss"]
[EventRounds "7"]

1. b4 d5 2. e3 e5 3. b5 Nf6 4. Bb2 Bd6 5. h3 Nbd7 6. Nf3 O-O 7. c4 e4 8. Nd4
Be5 9. Qc2 dxc4 10. Bxc4 Bd6 11. O-O Ne5 12. Be2 Nf3+ 13. Nxf3 exf3 14. Bxf3
Rb8 15. Nc3 Bd7 16. a4 c6 17. bxc6 bxc6 18. Ne4 Nxe4 19. Bxe4 h6 20. Rfb1 Rc8
21. d4 Qe7 22. Bf5 Rfe8 23. Bxd7 Qxd7 24. Ba3 Bxa3 25. Rxa3 Rc7 26. a5 g6 27.
Rab3 Qd5 28. Rb8 Rxb8 29. Rxb8+ Kg7 30. a6 c5 31. dxc5 Rxc5 32. Qb2+ Kh7 33.
Qh8# 1-0

[Event "MI Conway TNM: u1800"]
[Site "San Francisco"]
[Date "2022.05.31"]
[Round "5.13"]
[White "Jade, Valerie"]
[Black "Chan, John"]
[Result "0-1"]
[WhiteElo "1426"]
[BlackElo "1504"]
[PlyCount "42"]
[EventDate "2022.05.03"]
[EventType "swiss"]
[EventRounds "7"]

1. e4 e6 2. d4 d5 3. exd5 exd5 4. Bd3 Qe7+ 5. Ne2 Be6 6. Bf4 Nf6 7. Nd2 h6 8.
O-O g5 9. Be5 Bg7 10. c4 c6 11. f4 O-O 12. cxd5 Nxd5 13. fxg5 Ne3 14. Qc1 Nxf1
15. Nxf1 Qxg5 16. Bf4 Qf6 17. Nfg3 Bg4 18. Qe3 Nd7 19. Ne4 Qe6 20. Bd6 Rfe8 21.
Qf4 Bxe2 0-1

[Event "MI Conway TNM: u1800"]
[Site "San Francisco"]
[Date "2022.05.31"]
[Round "5.14"]
[White "Henderson, Se"]
[Black "Albukerk, Eli"]
[Result "1-0"]
[WhiteElo "1700"]
[BlackElo "790"]
[PlyCount "85"]
[EventDate "2022.05.03"]
[EventType "swiss"]
[EventRounds "7"]

1. e4 e5 2. Nf3 Nc6 3. Bc4 Bc5 4. c3 d6 5. O-O Bg4 6. d3 h6 7. Nbd2 Nge7 8. h3
Bh5 9. Re1 O-O 10. Nf1 Bxf3 11. Qxf3 Ng6 12. Ng3 Nce7 13. Qg4 Qc8 14. Nf5 Nxf5
15. Qxg6 Nh4 16. Qh5 Qd8 17. g3 Qf6 18. Rf1 Nf3+ 19. Kg2 Ne1+ 20. Kh1 Nf3 21.
Be3 Ng5 22. Bxg5 Qxg5 23. Qxg5 hxg5 24. Kg2 Kh7 25. a4 Kg6 26. b4 d5 27. Bxd5
c6 28. Bc4 Be7 29. a5 a6 30. Ra2 Rh8 31. Rd2 Rh5 32. d4 Bf6 33. d5 Rd8 34. Rd3
cxd5 35. Bxd5 Rd7 36. Rfd1 Rh8 37. c4 Be7 38. c5 f5 39. exf5+ Kxf5 40. Rf3+ Kg6
41. Bf7+ Kh6 42. Rxd7 e4 43. Re3 1-0

[Event "MI Conway TNM: u1800"]
[Site "San Francisco"]
[Date "2022.05.31"]
[Round "5.15"]
[White "Spolarich, Michael"]
[Black "Barreyro, Romeo"]
[Result "1-0"]
[WhiteElo "817"]
[BlackElo "1629"]
[PlyCount "95"]
[EventDate "2022.05.03"]
[EventType "swiss"]
[EventRounds "7"]

1. d4 e6 2. Bf4 d5 3. e3 Bd6 4. Bg3 Nf6 5. Nd2 Bxg3 6. hxg3 Nbd7 7. Ngf3 c6 8.
Ne5 Qb6 9. Rb1 Nxe5 10. dxe5 Nd7 11. Qh5 Qc7 12. f4 Qb6 13. Qf3 Nc5 14. b4 Na4
15. Rb3 Bd7 16. Bd3 g6 17. c4 Qc7 18. e4 d4 19. c5 b5 20. Qf2 O-O-O 21. Qxd4
Be8 22. Qe3 Qe7 23. Nf3 a5 24. a3 axb4 25. axb4 f5 26. exf6 Qxf6 27. e5 Qe7 28.
Nd4 Qd7 29. Nf3 Qd5 30. Bc2 Qc4 31. Qe2 Qd5 32. Qd3 Qxd3 33. Bxd3 h6 34. Ke2
Kd7 35. Rd1 Ke7 36. g4 h5 37. g5 Rf8 38. Ke3 Bf7 39. Nd4 Be8 40. Be4 Rc8 41.
Rh1 Kf7 42. Rh4 Bd7 43. Kd3 Rfd8 44. Kc2 Rc7 45. g4 Rh8 46. Rbh3 Ra8 47. gxh5
gxh5 48. Rxh5 1-0

[Event "MI Conway TNM: u1800"]
[Site "San Francisco"]
[Date "2022.05.31"]
[Round "5.17"]
[White "Ahrens, Richard"]
[Black "Casares Jr, Nick"]
[Result "0-1"]
[WhiteElo "1064"]
[BlackElo "1600"]
[Annotator "de Firmian"]
[PlyCount "56"]
[EventDate "2022.05.03"]
[EventType "swiss"]
[EventRounds "7"]

1. d4 d5 2. c4 dxc4 3. Nc3 c6 4. e3 b5 {Nick plays aggressively to hold onto
the pawn. The game is already a hard battle after only 4 moves.} 5. a4 $1 b4 6.
Ne4 Bf5 7. Nc5 $6 ({Either} 7. Ng3) ({or} 7. f3 {should give White an edge in
the opening}) 7... e6 8. Bxc4 Bxc5 9. dxc5 Qxd1+ 10. Kxd1 {[#] So from a sharp
opening we get an endgame. Things are pretty even but Black is for choice
since White can't castle.} Nf6 11. Bd2 a5 12. Nf3 $6 (12. f3 $1 Nbd7 13. e4 Bg6
14. Be3) 12... Nbd7 13. Nd4 {[#]} Ne5 $1 {This active counter gives Black the
initiative.} 14. Nxf5 (14. Be2 Ne4) 14... Nxc4 15. Nd6+ (15. Nxg7+ $2 Kf8 {
traps the knight}) 15... Nxd6 16. cxd6 Rd8 (16... O-O-O {also attacks the
d-pawn and gets the black king working}) 17. e4 $6 {Richard sees he will lose
the d6 pawn and panics a bit. More defensive chances were to be had with} (17.
f3 Rxd6 18. e4 Nd7 19. Ke2 {and Black will have a lot of work to do to try to
convert the pawn}) 17... Nxe4 18. Be3 Nxd6 19. Ke2 Nc4 20. b3 ({perhaps} 20.
Rhc1 Nxb2 21. Rxc6 {could cause a little trouble}) 20... Nxe3 21. Kxe3 Rd5 $1
22. Rhd1 Ke7 23. Rxd5 cxd5 24. Rc1 Kd6 {stopping any potential counterplay.
Now Black is a solid two pawns to the good and can convert easily.} 25. f4 Re8
26. Kd4 f6 {[#] The black pawns will march up the center now. There is nothing
White can do.} 27. Rc5 e5+ 28. fxe5+ fxe5+ 0-1

[Event "MI Conway TNM: u1800"]
[Site "San Francisco"]
[Date "2022.05.31"]
[Round "5.18"]
[White "Thibault, William"]
[Black "Olson, David"]
[Result "1-0"]
[WhiteElo "997"]
[BlackElo "1400"]
[PlyCount "51"]
[EventDate "2022.05.03"]
[EventType "swiss"]
[EventRounds "7"]

1. e4 c5 2. Nf3 e6 3. d4 cxd4 4. Nxd4 Bb4+ 5. c3 Ba5 6. Be3 Nc6 7. Bd3 e5 8.
Nf5 Qf6 9. Qb3 Nge7 10. Nd2 O-O 11. O-O-O Bc7 12. Nf3 b6 13. h4 a5 14. Bg5 a4
15. Qa3 Qe6 16. Nxe7+ Nxe7 17. Bxe7 Re8 18. Bb4 h6 19. Bb5 Ra7 20. Bd6 Bd8 21.
Nxe5 Ra5 22. c4 Bb7 23. Bxd7 Qf6 24. Bxe8 Qf4+ 25. Qe3 Qf6 26. Bxf7+ 1-0

[Event "MI Conway TNM: u1800"]
[Site "San Francisco"]
[Date "2022.05.31"]
[Round "5.19"]
[White "Gu, Thomas"]
[Black "Cao, Danny"]
[Result "1-0"]
[WhiteElo "1290"]
[BlackElo "1078"]
[PlyCount "49"]
[EventDate "2022.05.03"]
[EventType "swiss"]
[EventRounds "7"]

1. e4 e5 2. Nf3 Nc6 3. d4 exd4 4. Bc4 Bc5 5. c3 d6 6. cxd4 Bb4+ 7. Bd2 Bg4 8.
Bxb4 Bxf3 9. Qxf3 Nh6 10. Bd2 Nxd4 11. Qc3 Qf6 12. Be3 c5 13. Bb5+ Nxb5 14.
Qxf6 gxf6 15. Bxh6 Nd4 16. Na3 Rg8 17. Nc4 Nc2+ 18. Ke2 Nxa1 19. Nxd6+ Ke7 20.
Nf5+ Ke6 21. Rxa1 Rxg2 22. Rd1 Ke5 23. Ke3 Rxh2 24. Bf4+ Ke6 25. Rd6# 1-0

[Event "MI Conway TNM: u1800"]
[Site "San Francisco"]
[Date "2022.05.31"]
[Round "5.20"]
[White "Hule, Pratyush"]
[Black "Hollon, Nick"]
[Result "1-0"]
[WhiteElo "1188"]
[BlackElo "911"]
[PlyCount "81"]
[EventDate "2022.05.03"]
[EventType "swiss"]
[EventRounds "7"]

1. e4 e5 2. Nf3 Nc6 3. Bc4 Nf6 4. Ng5 d5 5. exd5 Na5 6. Bb5+ c6 7. dxc6 bxc6 8.
Ba4 Bb7 9. O-O Bd6 10. d4 O-O 11. dxe5 Bxe5 12. Qxd8 Raxd8 13. Nc3 c5 14. Be3
Bd4 15. Bxd4 Rxd4 16. f3 Nc6 17. Bb3 c4 18. Ba4 h6 19. Nh3 Ne7 20. Nb5 Rd2 21.
Rf2 Rfd8 22. Nc3 Ng6 23. Rxd2 Rxd2 24. Rd1 Rxd1+ 25. Nxd1 Bd5 26. Ne3 Be6 27.
Bb5 Kf8 28. Bxc4 Ke7 29. Bxe6 Kxe6 30. b4 Kd6 31. c4 Kc6 32. Nf5 Ne8 33. g3 Ne5
34. Nd4+ Kc7 35. c5 a6 36. Nf4 Nf6 37. a4 Nc6 38. Nxc6 Kxc6 39. Kf2 g5 40. Nd3
Nd5 41. Ne5+ 1-0

[Event "MI Conway TNM: u1800"]
[Site "San Francisco"]
[Date "2022.05.31"]
[Round "5.21"]
[White "Hack, Richard"]
[Black "Sharan, Shubhankar"]
[Result "1-0"]
[WhiteElo "1500"]
[BlackElo "1189"]
[PlyCount "65"]
[EventDate "2022.05.03"]
[EventType "swiss"]
[EventRounds "7"]

1. e4 c6 2. d4 d5 3. Nc3 dxe4 4. Nxe4 Bf5 5. Ng3 Bg6 6. Nf3 Nd7 7. Bd3 Bxd3 8.
Qxd3 e6 9. O-O Ngf6 10. Re1 Be7 11. Bd2 Qb6 12. b3 c5 13. Be3 Rd8 14. Qc4 Nd5
15. c3 Nxe3 16. fxe3 O-O 17. Rad1 cxd4 18. exd4 Rc8 19. Qd3 Qa5 20. c4 Rfd8 21.
Qe4 Rb8 22. Qe2 a6 23. Kh1 b5 24. d5 Bb4 25. Rf1 exd5 26. Rxd5 Re8 27. Qd3 Nc5
28. Qf5 bxc4 29. bxc4 Rbc8 30. Ng5 f6 31. Qxh7+ Kf8 32. Qh8+ Ke7 33. Qxg7# 1-0

[Event "MI Conway TNM: u1800"]
[Site "San Francisco"]
[Date "2022.05.31"]
[Round "5.22"]
[White "Cadimas, Freddie"]
[Black "Admassu, Yonathan"]
[Result "0-1"]
[WhiteElo "779"]
[BlackElo "1655"]
[PlyCount "72"]
[EventDate "2022.05.03"]
[EventType "swiss"]
[EventRounds "7"]

1. e4 d6 2. d4 Nf6 3. Nc3 g6 4. Nf3 Bg7 5. h3 O-O 6. Be3 c5 7. Bd3 cxd4 8. Nxd4
Nc6 9. Qe2 {[#]} Nxe4 10. Nxc6 Nxc3 11. Nxd8 Nxe2 12. Bxe2 Bxb2 13. Rb1 Bc3+
14. Kf1 Rxd8 15. Bf3 d5 16. Rb3 Bg7 17. g3 h6 18. Kg2 e5 19. Rd1 d4 20. Bxb7
Bxb7+ 21. Rxb7 dxe3 22. Rxd8+ Rxd8 23. Kf3 exf2 24. Kxf2 e4 25. Re7 f5 26. Ke3
Bd4+ 27. Ke2 e3 28. Rxa7 Bxa7 29. Ke1 Rd2 30. c4 g5 31. a4 f4 32. gxf4 gxf4 33.
Kf1 f3 34. Ke1 Ra2 35. Kd1 f2 36. Kc1 f1=Q# 0-1

[Event "MI Conway TNM: u1800"]
[Site "San Francisco"]
[Date "2022.05.31"]
[Round "5.24"]
[White "Mott, Julien"]
[Black "Brickhouse, Christian"]
[Result "0-1"]
[WhiteElo "1144"]
[BlackElo "1039"]
[Annotator "Winslow,Elliott"]
[PlyCount "74"]
[EventDate "2022.05.03"]
[EventType "swiss"]
[EventRounds "7"]

1. e4 e5 2. Nf3 Nc6 3. Nc3 ({Is it worth noting that Bg5 happened even earlier
in the just-played So-Carlsen Armaggedon game in Norway? It's a different
story of course, but still... Oh, and So won in 50 moves.} 3. Bc4 Nf6 4. d3 Bc5
5. Bg5 h6 6. Bh4 d6 7. c3 a6 8. a4 Ba7 9. Nbd2 Qe7 10. O-O g5 11. Bg3 Nh7 12.
b4 Nf8 13. b5 Na5 14. Bd5 c6 15. Ba2 {You might think Black has attacking
chances on the kingside, but they just never really materialized.}) 3... Bc5 4.
Bc4 Nf6 {Four Knights? Italian Game? Giuoco Pianissimo?} 5. d3 O-O 6. Bg5 h6 7.
Bh4 Be7 8. O-O d6 9. h3 Nd4 10. Nxd4 exd4 11. Ne2 c5 12. f4 d5 13. exd5 Nxd5
14. Bxe7 Nxe7 15. Qd2 Nf5 16. Bb3 {[#]} a5 $1 17. a3 Ra6 $1 18. c3 Rg6 19. Rf3
Qh4 20. Qe1 Re8 21. cxd4 $6 cxd4 $6 (21... Nxd4 $1) 22. g4 Re3 $2 (22... Qe7) (
22... Qd8) (22... h5) 23. Qxh4 $11 Nxh4 24. Rxe3 dxe3 25. Rc1 Be6 26. Bxe6 Rxe6
27. Kh2 Rb6 28. Kg3 $6 (28. Rc8+ Kh7 29. b4 axb4 30. axb4 Rxb4 31. Re8) 28...
Rxb2 29. Re1 $4 (29. Nd4 g5 30. fxg5 hxg5 31. Rc2 {appears to hold pretty
easily.}) 29... g5 $1 $19 30. f5 b5 31. Nf4 gxf4+ 32. Kxh4 f6 33. Rc1 e2 34.
Kh5 Rc2 35. Rxc2 e1=Q 36. Kg6 Qe8+ 37. Kxf6 f3 0-1

[Event "MI Conway TNM: u1800"]
[Site "San Francisco"]
[Date "2022.05.31"]
[Round "5.26"]
[White "Wei, Brian"]
[Black "Blum, Paul"]
[Result "1-0"]
[WhiteElo "1142"]
[BlackElo "1048"]
[PlyCount "101"]
[EventDate "2022.05.03"]
[EventType "swiss"]
[EventRounds "7"]

1. d4 d5 2. c4 e6 3. Nc3 Nf6 4. Bg5 c6 5. e3 Nbd7 6. Nf3 Bb4 7. a3 Bxc3+ 8.
bxc3 Qa5 9. Qb3 Ne4 10. Qb4 Qxb4 11. cxb4 O-O 12. Bd3 f5 13. Bf4 Ndf6 14. Ng5
b6 15. c5 Nh5 16. O-O Nxf4 17. exf4 b5 18. Rfe1 h6 19. Nh3 Bd7 20. Ra2 Rf7 21.
f3 Nc3 22. Rc2 Na4 23. g4 Re8 24. g5 h5 25. Nf2 g6 26. Bf1 a6 27. Nd3 Rh7 28.
Kf2 Ra8 29. Ne5 Be8 30. Ke3 Kg7 31. Kd3 h4 32. Rce2 h3 33. Kc2 Rh4 34. Nd3 Bd7
35. Re3 a5 36. Be2 Kf8 37. Rg1 Ke7 38. Ne5 Be8 39. Nd3 Kd8 40. Rxe6 Kd7 41.
Rd6+ Kc7 42. Re1 Nb6 43. cxb6+ Kxd6 44. b7 Rb8 45. Nc5 axb4 46. axb4 Rxf4 47.
Ra1 Kc7 48. Ra8 Rxd4 49. Ne6+ Kxb7 50. Rxb8+ Kxb8 51. Nxd4 1-0